Statistics for Guess the English county ,by the cities/towns.

Click here to take the quiz!

General Stats

  • This quiz has been taken 62 times
  • The average score is 9 of 10

Answer Stats

Cities/townsAnswer% Correct
Truro,Falmouth, NewquayCornwall
95%
Plymouth,Exeter,TorquayDevon
95%
Preston,Lancaster,BlackpoolLancashire
93%
Chelmsford,Southend on Sea,ColchesterEssex
91%
Gillingham,Canterbury,DoverKent
89%
West Bromwich,Birmingham,WolverhamptonWest Midlands
84%
Hastings,Eastbourne,BrightonEast Sussex
82%
Winchester,Portsmouth,SouthamptonHampshire
82%
Guildford,Crawley,HorshamSurrey
82%
Milton Keynes , Aylesbury ,High WycombeBuckinghamshire
75%

Score Distribution

Percentile by Number Answered

Percent of People with Each Score

Your Score History

You have not taken this quiz